[Event "SLO-ch blind int 13th"]
[Site "Izola"]
[Date "2019.06.04"]
[Round "2"]
[White "Ursic, Aleksander"]
[Black "Delost, Josko"]
[Result "1-0"]
[WhiteElo "1905"]
[BlackElo "1708"]
[PlyCount "49"]
[EventDate "2019.06.03"]
[EventType "swiss"]
[EventRounds "7"]
[EventCountry "SLO"]
[SourceTitle "CBM 190 Extra"]
[Source "ChessBase"]
[SourceDate "2019.07.15"]
[SourceVersion "1"]
[SourceVersionDate "2019.07.15"]
[SourceQuality "1"]

1. d4 d5 2. c4 c6 3. cxd5 cxd5 4. Nc3 Nf6 5. Bf4 e6 6. Nf3 Nc6 7. e3 Nh5 8. Bg3 Nxg3 9. hxg3 Be7 10. Bd3 h6 11. a3 a6 12. b4 b5 13. Rc1 Bb7 14. Bb1 a5 15. 0-0 axb4 16. axb4 Qb6 17. Bd3 Ba6 18. Qe2 Bd6 19. Na2 Nxb4 20. Nxb4 Bxb4 21. Ne5 Be7 22. Rc6 Qa5 23. Rxe6 fxe6 24. Qh5+ Kd8 25. Nc6+ 1-0

[Event "SLO-chT1 West"]
[Site "Slovenia"]
[Date "2018.10.13"]
[Round "5.4"]
[White "Lucovnik, Tilen"]
[Black "Delost, Josko"]
[Result "1/2-1/2"]
[WhiteElo "2085"]
[BlackElo "1724"]
[PlyCount "181"]
[EventDate "2018.09.28"]
[EventType "team-tourn"]
[EventRounds "9"]
[EventCountry "SLO"]
[SourceTitle "CBM 187 Extra"]
[Source "ChessBase"]
[SourceDate "2018.11.04"]
[SourceVersion "1"]
[SourceVersionDate "2018.11.04"]
[SourceQuality "1"]
[WhiteTeam "Komenda"]
[BlackTeam "Ilirska Bistrica Rimex"]
[WhiteTeamCountry "SLO"]
[BlackTeamCountry "SLO"]

1. e4 e6 2. d3 d5 3. Nd2 Ne7 4. Ngf3 c5 5. g3 Nbc6 6. Bg2 g6 7. 0-0 Bg7 8. c3 0-0 9. Qc2 b6 10. Re1 d4 11. Rb1 a5 12. Nf1 Ba6 13. Rd1 Rc8 14. Bf4 e5 15. Bg5 f6 16. Bc1 Qd6 17. c4 Rb8 18. a4 Bc8 19. Qe2 Bd7 20. Bd2 Nb4 21. Bxb4 axb4 22. b3 Nc6 23. h3 Rbe8 24. N1h2 Na5 25. Nd2 Qc7 26. Qf1 g5 27. Bf3 Qc8 28. Bg4 Bxg4 29. Nxg4 h5 30. Nh2 Bh6 31. Kg2 Qe6 32. Qe2 Qf7 33. Rb2 Re7 34. Rg1 Kh8 35. Nhf1 Rg8 36. Kh2 Ree8 37. g4 hxg4 38. hxg4 Rg7 39. Ng3 Rh7 40. Kg2 Re7 41. Rbb1 Qg6 42. Qf3 Ref7 43. Rh1 Bf8 44. Nh5 Be7 45. Rh3 Kg8 46. Rbh1 Nc6 47. Nf1 Na5 48. Qd1 Bd8 49. Nfg3 Rd7 50. Nf5 Bc7 51. Kf1 Bd8 52. Ke1 Rdf7 53. Kd2 Nc6 54. Qf3 Nb8 55. R1h2 Nc6 56. Qh1 Rd7 57. Kc2 Rdf7 58. f3 Na5 59. Nhg3 Rxh3 60. Rxh3 Rh7 61. Rh5 Nb7 62. Qh3 Na5 63. Nd6 Nc6 64. Kb2 Ne7 65. Ndf5 Nxf5 66. exf5 Qf7 67. Qh1 Rxh5 68. Nxh5 Qb7 69. Kc2 Qd7 70. Kd2 Qb7 71. Ke2 Qd7 72. Kf2 Qb7 73. Kg2 Qd7 74. Ng3 Qh7 75. Qe1 Qb7 76. Ne4 Qd7 77. Kg3 Qh7 78. Kg2 Qd7 79. Qe2 Qg7 80. Ng3 Qb7 81. Qe1 Kh8 82. Qh1+ Qh7 83. Qh5 Qxh5 84. gxh5 Kg7 85. Kh3 Kh6 86. Kg4 Kg7 87. Ne4 Kh6 88. Nd6 Be7 89. Nc8 Bd8 90. Nd6 Be7 91. Nc8 1/2-1/2

[Event "Ljubljana-chT 71st 1st League"]
[Site "Ljubljana"]
[Date "2018.04.05"]
[Round "9.2"]
[White "Poglajen, Franc"]
[Black "Delost, Josko"]
[Result "1-0"]
[WhiteElo "1761"]
[BlackElo "1693"]
[PlyCount "69"]
[EventDate "2018.01.11"]
[EventType "team-tourn"]
[EventRounds "9"]
[EventCountry "SLO"]
[SourceTitle "EXT 2024"]
[Source "ChessBase"]
[SourceDate "2023.10.10"]
[SourceVersion "1"]
[SourceVersionDate "2023.10.10"]
[SourceQuality "1"]
[WhiteTeam "Komenda Pogi"]
[BlackTeam "Ljubljana Karel Jeraj"]
[WhiteTeamCountry "SLO"]
[BlackTeamCountry "SLO"]

1. e4 e6 2. d4 d5 3. exd5 exd5 4. Bf4 Nf6 5. Bd3 Nc6 6. c3 Bg4 7. f3 Bh5 8. Nd2 Bg6 9. Qe2+ Be7 10. g4 Bxd3 11. Qxd3 Qd7 12. 0-0-0 0-0-0 13. Ne2 h6 14. h4 Nh7 15. Ng3 Bd6 16. Bxd6 Qxd6 17. Nf5 Qf8 18. Rde1 g6 19. Ne3 Qd6 20. h5 g5 21. Nf5 Qf6 22. Nb3 Nf8 23. Nc5 Ne6 24. Nxb7 Kxb7 25. Qb5+ Kc8 26. Qxc6 Kb8 27. a4 Rhe8 28. a5 Qh8 29. a6 Kc8 30. Qb7+ Kd7 31. Qxd5+ Kc8 32. Qb7+ Kd7 33. d5 Nf4 34. Qc6+ Kc8 35. Ne7+ 1-0

[Event "SLO-chT2 West"]
[Site "Komenda"]
[Date "2016.11.26"]
[Round "6.6"]
[White "Delost, Josko"]
[Black "Konvalinka, Kostja"]
[Result "0-1"]
[WhiteElo "1666"]
[BlackElo "1694"]
[PlyCount "62"]
[EventDate "2016.11.11"]
[EventType "team-tourn"]
[EventRounds "9"]
[EventCountry "SLO"]
[SourceTitle "EXT 2019"]
[Source "ChessBase"]
[SourceDate "2018.10.10"]
[SourceVersion "1"]
[SourceVersionDate "2018.10.10"]
[SourceQuality "1"]
[WhiteTeam "Ilirska Bistrica Rimex"]
[BlackTeam "Trzin"]
[WhiteTeamCountry "SLO"]
[BlackTeamCountry "SLO"]

1. d4 Nf6 2. Nf3 d5 3. Bf4 e6 4. e3 c5 5. c3 Nc6 6. Nbd2 cxd4 7. exd4 Be7 8. h3 0-0 9. Bd3 Nh5 10. Bh2 Nf6 11. 0-0 h6 12. Re1 Re8 13. Ne5 Nxe5 14. dxe5 Nh7 15. Nf3 Ng5 16. Bc2 Nxf3+ 17. Qxf3 Bc5 18. Rab1 Qg5 19. Bf4 Qh4 20. Kf1 Bd7 21. Kg1 Bc6 22. Bg3 Qg5 23. Qd3 g6 24. Qd1 Qxg3 25. Qd2 Qg5 26. Qe2 d4 27. g4 dxc3 28. bxc3 h5 29. c4 hxg4 30. hxg4 Rad8 31. Rb3 Rd2 0-1

[Event "SLO-chT2 West"]
[Site "Komenda"]
[Date "2016.11.12"]
[Round "2.6"]
[White "Urh, Robert"]
[Black "Delost, Josko"]
[Result "1-0"]
[WhiteElo "1672"]
[BlackElo "1666"]
[PlyCount "141"]
[EventDate "2016.11.11"]
[EventType "team-tourn"]
[EventRounds "9"]
[EventCountry "SLO"]
[SourceTitle "EXT 2019"]
[Source "ChessBase"]
[SourceDate "2018.10.10"]
[SourceVersion "1"]
[SourceVersionDate "2018.10.10"]
[SourceQuality "1"]
[WhiteTeam "Kranj Stari Mayr"]
[BlackTeam "Ilirska Bistrica Rimex"]
[WhiteTeamCountry "SLO"]
[BlackTeamCountry "SLO"]

1. e4 e6 2. d4 d5 3. exd5 exd5 4. Bd3 Nc6 5. Nf3 Bg4 6. c3 Bd6 7. 0-0 Nge7 8. Re1 Qd7 9. Bg5 f6 10. Bh4 0-0-0 11. Nbd2 Nf5 12. Qc2 g5 13. Bg3 Nxg3 14. fxg3 Kb8 15. b4 h5 16. a4 Ne7 17. b5 Bf5 18. c4 Bxd3 19. Qxd3 dxc4 20. Qxc4 g4 21. Nh4 c6 22. Ne4 Rhf8 23. Rab1 Rc8 24. a5 f5 25. Nc5 Bxc5 26. Qxc5 Rfe8 27. bxc6 Rxc6 28. Qe5+ Kc8 29. Nxf5 Kd8 30. Nxe7 Rxe7 31. Qxe7+ Qxe7 32. Rxe7 Kxe7 33. Rxb7+ Kd6 34. h3 Rc1+ 35. Kh2 gxh3 36. gxh3 Rd1 37. Rh7 Rxd4 38. Rxh5 Rd2+ 39. Kg1 Ke6 40. g4 Kf6 41. h4 Ra2 42. a6 Kg6 43. Rg5+ Kh6 44. Rf5 Rxa6 45. Kg2 Ra1 46. Rf6+ Kg7 47. Re6 a5 48. Kg3 a4 49. Kf4 a3 50. Kg5 Rb1 51. Re7+ Kf8 52. Ra7 Rb5+ 53. Kh6 Rb6+ 54. Kh5 Rb3 55. g5 Kg8 56. Kh6 Rf3 57. g6 Rf8 58. Rxa3 Rb8 59. Ra7 Rc8 60. Rg7+ Kh8 61. Rf7 Kg8 62. Re7 Ra8 63. Kg5 Rf8 64. h5 Ra8 65. h6 Ra5+ 66. Kf6 Ra8 67. Re5 Ra6+ 68. Kg5 Ra8 69. h7+ Kg7 70. Re7+ Kh8 71. Kh6 1-0

[Event "Ljubljana-chT 69th 1st League"]
[Site "Ljubljana"]
[Date "2016.03.03"]
[Round "5.3"]
[White "Bajraktarevic, Bajro"]
[Black "Delost, Josko"]
[Result "1-0"]
[WhiteElo "1666"]
[BlackElo "1732"]
[PlyCount "57"]
[EventDate "2016.01.14"]
[EventType "team-tourn"]
[EventRounds "9"]
[EventCountry "SLO"]
[SourceTitle "EXT 2022"]
[Source "ChessBase"]
[SourceDate "2021.10.06"]
[SourceVersion "1"]
[SourceVersionDate "2021.10.06"]
[SourceQuality "1"]
[WhiteTeam "Zagorje ob Savi"]
[BlackTeam "Ljubljana Karel Jeraj"]
[WhiteTeamCountry "SLO"]
[BlackTeamCountry "SLO"]

1. d4 d5 2. c4 c6 3. e3 Nf6 4. Nc3 e6 5. Nf3 Nbd7 6. Bd3 dxc4 7. Bxc4 Bb4 8. 0-0 0-0 9. Qe2 Nd5 10. Ne4 N7f6 11. Ng3 Ne7 12. Rd1 Qc7 13. e4 Ng6 14. a3 Be7 15. h4 Rd8 16. e5 Nd5 17. h5 Nf8 18. Ne4 b5 19. Bd3 a5 20. Bd2 Qb6 21. Rac1 Bb7 22. Nc5 b4 23. Ng5 h6 24. Nge4 Nd7 25. Qg4 Kh8 26. Nxd7 Rxd7 27. Nc5 Rdd8 28. Nxe6 fxe6 29. Qg6 1-0

[Event "SLO-chT2 West"]
[Site "Slovenia"]
[Date "2015.10.18"]
[Round "3"]
[White "Pretnar, Bostjan"]
[Black "Delost, Josko"]
[Result "1-0"]
[WhiteElo "1748"]
[BlackElo "1774"]
[PlyCount "73"]
[EventDate "2015.10.17"]
[EventType "team-tourn"]
[EventRounds "7"]
[EventCountry "SLO"]
[SourceTitle "EXT 2019"]
[Source "ChessBase"]
[SourceDate "2018.10.10"]
[SourceVersion "1"]
[SourceVersionDate "2018.10.10"]
[SourceQuality "1"]
[WhiteTeam "Radovljica"]
[BlackTeam "Ilirska Bistrica Rimex"]
[WhiteTeamCountry "SLO"]
[BlackTeamCountry "SLO"]

1. d4 d5 2. Bg5 Bf5 3. e3 Nf6 4. Nc3 Nbd7 5. Bd3 Bxd3 6. Qxd3 c6 7. f4 e6 8. Nf3 Be7 9. 0-0 Ng4 10. h3 Bxg5 11. fxg5 Nxe3 12. Qxe3 0-0 13. Nd1 Qb6 14. b3 Rac8 15. Nf2 c5 16. c3 cxd4 17. cxd4 Qa5 18. Ng4 Rc3 19. Qd2 Rfc8 20. Nfe5 Qc7 21. Rxf7 Rd8 22. Rxd7 Rxd7 23. Nxd7 Rc2 24. Qd3 Rc3 25. Qb5 Rc1+ 26. Rxc1 Qxc1+ 27. Qf1 Qxf1+ 28. Kxf1 Kf7 29. Nge5+ Ke7 30. Ke2 Kd6 31. Kd3 Kc7 32. g4 Kd6 33. h4 Ke7 34. h5 b6 35. h6 g6 36. Kc3 Kd6 37. Nf6 1-0

[Event "SLO-chT2 West"]
[Site "Slovenia"]
[Date "2015.10.17"]
[Round "2"]
[White "Delost, Josko"]
[Black "Bavec, Vinko"]
[Result "1-0"]
[WhiteElo "1774"]
[BlackElo "1610"]
[PlyCount "55"]
[EventDate "2015.10.17"]
[EventType "team-tourn"]
[EventRounds "7"]
[EventCountry "SLO"]
[SourceTitle "EXT 2019"]
[Source "ChessBase"]
[SourceDate "2018.10.10"]
[SourceVersion "1"]
[SourceVersionDate "2018.10.10"]
[SourceQuality "1"]
[WhiteTeam "Ilirska Bistrica Rimex"]
[BlackTeam "Loska Dolina"]
[WhiteTeamCountry "SLO"]
[BlackTeamCountry "SLO"]

1. d4 d5 2. Nf3 Nf6 3. Bf4 g6 4. Nc3 a6 5. e3 Bg7 6. Be2 0-0 7. Ne5 c6 8. h4 h6 9. g4 Nfd7 10. Qd3 Nxe5 11. Bxe5 Nd7 12. Bxg7 Kxg7 13. 0-0-0 e5 14. dxe5 Nxe5 15. Qd4 f6 16. Rdg1 Qe7 17. f4 Nc4 18. Rg3 Nd6 19. Bd3 Nb5 20. Bxb5 axb5 21. a3 Bd7 22. h5 Be8 23. g5 Rh8 24. hxg6 Bxg6 25. Rhg1 hxg5 26. fxg5 Qe5 27. gxf6+ Kxf6 28. Rxg6+ 1-0

[Event "Ljubljana-chT 67th"]
[Site "Gostovanja"]
[Date "2014.01.09"]
[Round "1.4"]
[White "Delost, Josko"]
[Black "Zupanc, Simona"]
[Result "0-1"]
[WhiteElo "1788"]
[BlackElo "1507"]
[PlyCount "84"]
[EventDate "2014.01.09"]
[EventType "team-tourn"]
[EventRounds "9"]
[EventCountry "SLO"]
[SourceTitle "EXT 2015"]
[Source "ChessBase"]
[SourceDate "2014.11.20"]
[SourceVersion "1"]
[SourceVersionDate "2014.11.20"]
[SourceQuality "1"]
[WhiteTeam "Karel Jeraj"]
[BlackTeam "Crni Vitezi"]
[WhiteTeamCountry "SLO"]
[BlackTeamCountry "SLO"]

1. b4 e5 2. Bb2 d6 3. a3 Be6 4. e4 Nd7 5. g3 a6 6. Bg2 Be7 7. Ne2 f5 8. exf5 Bxf5 9. Bxb7 Ra7 10. Bg2 Ngf6 11. d4 0-0 12. 0-0 e4 13. c4 d5 14. cxd5 Nxd5 15. Nbc3 N7f6 16. Qb3 c6 17. Rac1 Kh8 18. Na4 Rc7 19. Nc5 Bxc5 20. Rxc5 Bg6 21. Rfc1 Qd6 22. Ra5 Ra8 23. Qa4 Be8 24. Qd1 Bd7 25. Qd2 h6 26. Nc3 Nxc3 27. Qxc3 Be6 28. Qe3 Bd5 29. Bf1 Rf8 30. h3 Nh5 31. Bg2 Rcf7 32. Re1 Ra8 33. Qe2 Nf6 34. Bc1 Re8 35. Bf4 Qe6 36. Rc1 e3 37. Bxe3 Bxg2 38. Kxg2 Nd5 39. Rxa6 Qe4+ 40. Kh2 Ne7 41. Qh5 Ref8 42. Qe5 Rxf2+ 0-1

[Event "SLO-ch blind int 8th"]
[Site "Izola"]
[Date "2009.06.17"]
[Round "4"]
[White "Vojan, Istvan"]
[Black "Delost, Josko"]
[Result "1/2-1/2"]
[WhiteElo "2041"]
[BlackElo "1824"]
[PlyCount "30"]
[EventDate "2009.06.15"]
[EventType "swiss"]
[EventRounds "7"]
[EventCountry "SLO"]
[SourceTitle "EXT 2011"]
[Source "ChessBase"]
[SourceDate "2010.11.26"]
[SourceVersion "1"]
[SourceVersionDate "2010.11.26"]
[SourceQuality "1"]

1. e4 e6 2. d4 d5 3. e5 c5 4. c3 Nc6 5. Nf3 cxd4 6. cxd4 Qb6 7. Nc3 Nge7 8. Bd3 a6 9. 0-0 Ng6 10. a3 Be7 11. Be3 0-0 12. Qe2 Qd8 13. Rac1 Bd7 14. Bb1 b5 15. b4 Qb6 1/2-1/2